Proceedings of the twenty-seventh annual ACM Symposium on the Theory of Computing : Las Vegas, Nevada, May 29-June 1, 1995 /
Guardado en:
| Autores Corporativos: | , |
|---|---|
| Formato: | Libro |
| Idioma: | English |
| Publicado: |
New York :
ACM Press,
c1995.
|
| Etiquetas: |
Agregar Etiqueta
Sin Etiquetas, Sea el primero en etiquetar este registro!
|
| LEADER | 00884nam a22001935a 4500 | ||
|---|---|---|---|
| 001 | MAT.inmabb004922 | ||
| 008 | 080820s1995####nyua#####b####101#0#eng#d | ||
| 005 | 20160510174719.0 | ||
| 245 | 1 | 0 | |a Proceedings of the twenty-seventh annual ACM Symposium on the Theory of Computing : |b Las Vegas, Nevada, May 29-June 1, 1995 / |c sponsored by the ACM Special Interest Group for Algorithms and Computation Theory. |
| 260 | |a New York : |b ACM Press, |c c1995. | ||
| 300 | |a viii, 763 p. : |b il ; |c 28 cm. | ||
| 500 | |a Título de la cubierta. | ||
| 504 | |a Incluye referencias bibliográficas e índice de autores. | ||
| 020 | |a 0897917189 | ||
| 111 | 2 | |a ACM Symposium on Theory of Computing |n (27º : |d 1995 : |c Las Vegas, Nevada) | |
| 710 | 2 | |a ACM Special Interest Group for Algorithms and Computation Theory. | |
| 084 | |a 68-06 |2 msc2000 | ||
| 084 | |a 68Qxx |2 msc2000 | ||
| 859 | |h 68 |i Ac184-27 |p A-7240 |b BIB. MATEMATICA | ||
